Normal view
MARC view
- vishnupriya M
Entry Personal Name
001 - CONTROL NUMBER
- control field: 4941
003 - CONTROL NUMBER IDENTIFIER
- control field: OSt
005 - DATE AND TIME OF LATEST TRANSACTION
- control field: 20210906115246.0
008 - FIXED-LENGTH DATA ELEMENTS
- fixed length control field: 210906|| aca||aabn | a|a d
040 ## - CATALOGING SOURCE
- Original cataloging agency: OSt
- Transcribing agency: OSt
100 ## - HEADING--PERSONAL NAME
- Personal name: vishnupriya M
670 ## - SOURCE DATA FOUND
- Source citation: Work cat.: (OSt): Saranya A 4939, Testing and Evaluation of tractor drawn semi -automatc Rhizome planter, 2021
